| 000 | 01097nmc a2200397 a 4500 | ||
|---|---|---|---|
| 003 | AR-BaBNM | ||
| 005 | 20251128210503.0 | ||
| 008 | 090020s1998 ||||||||||||||000 | spa|| | ||
| 020 | _a84-493-0496-2 | ||
| 040 | _cAR-BaBNM | ||
| 245 | 1 | 0 |
_aTecnociencia y cibercultura _bla interrelación entre cultura, tecnología y ciencia |
| 250 | _a1ª ed. | ||
| 260 |
_aBarcelona _bPaidós _c1998 |
||
| 300 | 0 |
_a366 p. _bil. |
|
| 490 | 0 |
_aMultimedia _vv. 7 |
|
| 500 | 0 | _aIncluye índice analítico y de nombres al final del volumen | |
| 650 | 4 | _aSOCIOLOGIA CULTURAL | |
| 650 | 4 | _aCAMBIO TECNOLOGICO | |
| 650 | 4 | _aCIENCIA | |
| 650 | 4 | _aTECNOLOGIA | |
| 650 | 4 | _aCULTURA | |
| 650 | 4 | _aBIENESTAR SOCIAL | |
| 650 | 4 | _aSOCIOLOGIA DE LAS CIENCIAS | |
| 650 | 4 | _aBIOETICA | |
| 650 | 4 | _aVIOLENCIA | |
| 650 | 4 | _aDESEMPLEO | |
| 650 | 4 | _aCLIMA | |
| 650 | 4 | _aARMAS | |
| 650 | 4 | _aLITERATURA | |
| 653 | 0 | _aGLOBALIZACION | |
| 700 | 1 |
_aAronowitz, Stanley _ecompilador |
|
| 700 | 1 |
_aMartinsons, Bárbara _ecompilador |
|
| 700 | 1 |
_aMenser, Michael _ecompilador |
|
| 942 | _cBK | ||
| 998 | _claura | ||
| 999 |
_c15645 _d15645 |
||